000 00294nam a22001337a 4500
008 170926b xxu||||| |||| 00| 0 eng d
020 _a0695816608
041 _aeng
080 _a37
100 _a46
101 _aEDU
245 _aINVITATION TO LIFELONG LEARNING
_cGROSS,R
942 _2udc
_cBK
999 _c29912
_d29912